=LDR 00000nam 2200000 4500 =001 INLIS000000000001627 =005 20200729074009 =035 ##$$a 0010-061300000001627 =008 200729################g##########0#ind## =041 ##$$a Ind =082 ##$$a 2x6.4 =090 ##$$a 2x6.4, Fad-i =100 ##$$a FADLURRAHMAN =245 1#$$a Islam mengangkat martabat wanita /$c Fadlurrahman =260 ##$$a Gresik,$c 1999 =300 ##$$a xvi, 135 hlm, ; $c 21 x 15 cm. =650 #4$$a Islam, Karir Wanita =850 ##$$a NBPNMAT =084 ##$$a 2x6.4 FAD i =250 ##$$a Cet. Pertama =990 ##$$a 153.026/Pro.2000 =990 ##$$a 153.027/Pro.2000 =990 ##$$a 153.028/Pro.2000 =990 ##$$a 153.029/Pro.2000